Tự học AutoCAD 14: Dùng cho thiết kế và vẽ kỹ thuật cơ khí - kiến trúc, xây dựng, điện - thiết kế
Đã lưu trong:
| Tác giả chính: | |
|---|---|
| Định dạng: | Sách |
| Ngôn ngữ: | Undetermined |
| Được phát hành: |
Tp. HCM.
Thanh niên
2001
|
| Những chủ đề: | |
| Các nhãn: |
Thêm thẻ
Không có thẻ, Là người đầu tiên thẻ bản ghi này!
|
| Thư viện lưu trữ: | Trung tâm Học liệu Trường Đại học Cần Thơ |
|---|
| LEADER | 00725nam a2200205Ia 4500 | ||
|---|---|---|---|
| 001 | CTU_62094 | ||
| 008 | 210402s9999 xx 000 0 und d | ||
| 020 | |b 45000 | ||
| 082 | |a 620.00420285 | ||
| 082 | |b Gi103 | ||
| 100 | |a Nguyễn Đức Giải | ||
| 245 | 0 | |a Tự học AutoCAD 14: Dùng cho thiết kế và vẽ kỹ thuật cơ khí - kiến trúc, xây dựng, điện - thiết kế | |
| 245 | 0 | |c Nguyễn Đức Giải và Võ Dũng | |
| 260 | |a Tp. HCM. | ||
| 260 | |b Thanh niên | ||
| 260 | |c 2001 | ||
| 650 | |a engineering drawing,autocad ( computer programs ) | ||
| 650 | |x computer programs | ||
| 904 | |i Minh | ||
| 980 | |a Trung tâm Học liệu Trường Đại học Cần Thơ | ||